000 nam a22 7a 4500
999 _c331406
_d331406
003 NUST
005 20170926164426.0
008 170926b xxu||||| |||| 00| 0 eng d
040 _cNUST
082 _a351
100 _aAli,Fariha, Shahid,Mahrukh, Yousuf,Eeman, Khalid,Haneen, & Rafiq,Fatimah
_95026
245 _aWomen empowerment in conflict zone
300 _a77p
942 _2ddc
_cTHE